Statistiques concernant Générique Dragon Ball Z - Paroles

Cliquez ici pour prendre le quiz!

Statistiques générales

  • Ce quiz a été pris 162 fois
  • Le résultat moyen est 8 sur 10

Statistiques - réponses

Paroles% Correct
Dragon Ball Z Z Z Z, combat tous les {méchants}
99%
Dragon Ball Z Z Z Z, le gentil {Sangohan}
89%
Dragon Ball Z Z Z Z, il a tous les {pouvoirs}
87%
Le grand, le vaillant {Sangoku}
84%
Dragon Ball Z Z Z Z, notre héros au grand {coeur}
80%
Que son esprit reste avec {nous}
80%
Son père était un {héros}
74%
Dragon Ball Z Z Z Z, sera toujours {vainqueur}
64%
Le monde saura {bientôt}
61%
Dragon Ball Z Z Z Z, la force et le {savoir}
59%

Distribution des résultats

Percentile par nombre de réponses

% des personnes avec chaque résultat

Votre développement - résultats

Vous n’avez pas pris ce quiz